000 00960namaa2200313 a 4500
001 vtls000980002
003 NLI
005 20210627100736.0
008 120209s1956 fr i000 0 eng
039 9 _y201202091921
_zVLOAD
040 _aNLI
_cVTLS-2010_FOD
_eAACR2
041 0 _aeng
044 _afr
082 0 4 _a370.5
111 2 _aInternational Conference on Education
_9922103
245 1 0 _aInternational yearbook of education
260 _aParis :
_bUNESCO ;
_c1956
300 _a-v. ;
_c21 cm.
440 0 _aInternational Bureau of Education
_9921666
500 _aLibrary has vol.18
650 0 _aEducation
710 2 _aUnited Nations Educational, Scientific and Cultural Organization
_9682261
711 2 _aInternational Conference on Education
_9922103
887 _a
901 _aUN-2269
_b09.09.1957
_9v.18
902 _aU.N 370.5 In 8(1956)
949 _AVIRTUAITEM
_D10000
_X100
_6UNX000002269ENG
_9v.18
942 _2ddc
_cBKS
999 _c804313
_d804313